हंसा कहो पुरातन बातः(ललित निबंध) / (Record no. 11610)

MARC details
000 -LEADER
fixed length control field 01073 a2200217 4500
005 - DATE AND TIME OF LATEST TRANSACTION
control field 2008082601131.0
008 - FIXED-LENGTH DATA ELEMENTS--GENERAL INFORMATION
fixed length control field 080826t xxu||||| |||| 00| 0 hin d
010 ## - LIBRARY OF CONGRESS CONTROL NUMBER
LC control number HIN-83076
020 ## - INTERNATIONAL STANDARD BOOK NUMBER
Terms of availability 160.00
International Standard Book Number 8181871359
035 ## - SYSTEM CONTROL NUMBER
System control number HN-55422
037 ## - SOURCE OF ACQUISITION
Source of stock number/acquisition पु.प्र.अ.प्र / प्रका
082 ## - DEWEY DECIMAL CLASSIFICATION NUMBER
Classification number 824
100 ## - MAIN ENTRY--PERSONAL NAME
Personal name परिहार, श्रीराम
245 ## - TITLE STATEMENT
Title हंसा कहो पुरातन बातः(ललित निबंध) /
Statement of responsibility, etc श्रीराम परिहार
246 ## - VARYING FORM OF TITLE
Title proper/short title Hansa Kaho Puratan Bat
Remainder of title by Shri Ram Prihaar
260 ## - PUBLICATION, DISTRIBUTION, ETC. (IMPRINT)
Place of publication, distribution, etc दिल्ली
Name of publisher, distributor, etc आलेख प्रकाशन
Date of publication, distribution, etc 2006
270 ## - ADDRESS
Address वी-8, नवीन शाहदरा
City दिल्ली
Postal code 110032
Electronic mail address alekhprakashan@rediffmail.com
300 ## - PHYSICAL DESCRIPTION
Extent 128पृ
Dimensions 22 सेमी (सजिल्द)
942 ## - ADDED ENTRY ELEMENTS (KOHA)
Institution code [OBSOLETE] dpl
Koha item type Hindi Books
Call number prefix 824 / परिहा
Source of classification or shelving scheme Dewey Decimal Classification
Classification part 824
Call number suffix परिहा
Holdings
Withdrawn status Lost status Damaged status Not for loan Home library Current library Date acquired Cost, normal purchase price Total Checkouts Full call number Barcode Date last seen Copy number Uniform Resource Identifier Cost, replacement price Price effective from Koha item type
        D.B.Act.Division D.B.Act.Division   160.00   824 परिहा HN-55422 15/09/2008 1 12724 160.00 15/09/2008 Hindi Books

© Delhi Public Library
Hit Counter
free hit counter